|
|
|
|
| LEADER |
00000ny a22000003n 4500 |
| 005 |
20110621112259.0 |
| 008 |
091214s2006 sp 000 0 spa d |
| 020 |
|
|
|a 95882980765
|
| 035 |
|
|
|a 2758
|
| 040 |
|
|
|a BUS
|d vLex
|
| 090 |
|
|
|c 917
|d 917
|
| 100 |
1 |
|
|a Benavides Burbano, Fernando
|
| 245 |
1 |
3 |
|a El pacto de cumplimiento y la garanta̕ de los derechos colectivos
|h [Recurso electrn̤ico]
|c Fernando Benavides Burbano , Beatriz Londoǫ Toro , Sandra Liliana Martn̕ez Len̤
|
| 256 |
|
|
|a Servicio en ln̕ea
|
| 260 |
|
|
|a Colombia :
|b Universidad de Rosario (Colombia),
|c 2006
|
| 300 |
|
|
|a p. ;
|c cm
|
| 506 |
1 |
|
|a Contenido solo disponible en los productos indicados
|d vLex Global
|d vLex Global (Academic Edition, excluding Law Schools)
|d vLex Global (U.S. Academic Edition, Law Schools)
|d vLex Global (U.S. Academic Edition, excluding Law Schools)
|d vLex Global (Academic Edition, Law Schools)
|
| 650 |
0 |
4 |
|a Negociacin̤ colectiva
|x Funcionarios
|z Espaą
|
| 650 |
0 |
4 |
|a Sindicatos
|x Funcionarios
|z Espaą
|
| 700 |
1 |
|
|a Londoǫ Toro, Beatriz
|
| 700 |
1 |
|
|a Martn̕ez Len̤, Sandra Liliana
|
| 740 |
0 |
|
|a vLex Libros (Servicios en ln̕ea)
|
| 856 |
4 |
0 |
|z Acceso restringido
|u http://vlex.com/source/2758
|
| 942 |
|
|
|c BOOK
|